Wortgemisch-Städte in Schleswig-Holstein - Statistiken

Allgemein
  • Dieses Quiz wurde 343 mal gespielt
    184 seit der letzten Aktualisierung
  • Das Durchschnittsergebnis liegt bei 4 aus 6
Antwortstatistiken
Antwort % Korrekt
Kiel
100%
Lübeck
99%
Heide
97%
Wedel
93%
Schleswig
91%
Flensburg
78%
Neumünster
77%
Pinneberg
67%
Elmshorn
45%
Norderstedt
45%
Bad Schwartau
39%
Ahrensburg
20%
Bargteheide
18%
Keine übereinstimmenden Quizze gefunden
Verteilung der Resultate
Anzahl Personen mit jedem Resultat
Perzentil nach korrekt beantworteten Fragen
Ihre Resultats-Entwicklung
Sie haben dieses Quiz seit der letzten Aktualisierung nicht gespielt